SISTEM maklumat geografi Negeri Selangor

Bibliographic Details
Other Authors: Abdul Munit Kasmin, Alias Abdullah
Format: Book
Published: Kuala Lumpur : Universiti Islam Antarabangsa Malaysia , 2002
Subjects:

MARC

LEADER 00000cam a2200000 7i4500
001 0000002625
005 20030828.0
020 0 0 |a 9834087209 
090 0 0 |a 910.285   |b SIS 2002 
245 0 0 |a SISTEM maklumat geografi Negeri Selangor   |c editor, Alias Abdullah, Abdul Munit Kasmin 
260 0 0 |a Kuala Lumpur :   |b Universiti Islam Antarabangsa Malaysia ,   |c 2002 
300 |a 265 p. :   |b ill., maps ;   |c 21 cm. 
650 0 0 |a Digital mapping   |z Selangor 
650 0 0 |a Geographic information systems   |z Selangor 
650 0 0 |a Regional planning   |z Selangor 
700 0 1 |a Abdul Munit Kasmin 
700 0 1 |a Alias Abdullah 
998 |a JPSM 
999 |a 0000004309   |b Monograph   |c Open Shelf   |e Default branch